00811nam a2200205 a 4500008004100000020000800041041000800049092001700057100002400074245005000098250001100148260003800159300001100197500009100208590006000299655002100359942001300380999001500393952019700408200311s1979 a ||||gr|||| 001 1 spa d aS/D aspa c808l10sCAN1 aCané, Cora.941293 aLa obsesión y otros cuentos /cCora Cané. a1a ed. aBuenos Aires:bPlus Ultra;c1979. a109 p. aCané, C. (1979). La obsesión y otros cuentos. (1a ed.). Buenos Aires : Plus Ultra. aProyecto 4to libro. Donación Pardo Paula. Marzo 2020. aLiteratura92917 2ddccLIT c3087d3087 00102ddc4070aBFMbBFMcCRd2020-03-11eDonación Pardo, Paula. marzo 2020l0o808 10 CANp4638r2020-03-11tEj. 1w2020-03-11yLITzProyecto 4to libro. Donación Pardo, Paula. marzo 2020